000 01099nam a2200313 a 4500
001 000025053
005 20200930023532.0
008 110201s2002 mx a r 000 | spa d
020 _a9686849467
020 _a9701882830
040 _aDO-SdBNP
_bspa
_cBNPHU
082 _a572.86
_bG216g
100 1 _aGarciarrubio Granados, Alejandro
_951398
245 1 3 _aEl genoma humano /
_cAlejandro Garcirrubio Granados ; ilustracción Myriam Núñez.
260 _aMéxico, D. F. :
_bADN Editores;
_bCONACULTA ,
_c2002.
300 _a235 p. :
_bil. ;
_c22 cm.
490 1 _aViaje al Centro de la Ciencia
_v20
500 _aIncluye glosario de terminos: p. 205-232
504 _aIncluye referencias bibliográficas : p. 233-235
650 4 _aGenomas
_951399
650 4 _aAdn
_xGenética
_951400
650 4 _aAdn
_xInteracción proteinica
_951401
650 4 _aGenoma humano
_951402
650 4 _aProteínas
_951403
700 1 _aNúñez, Myriam
_eil.
_951404
710 2 _aConsejo Nacional para la Cultura y las Artes
_947134
830 0 _aViaje al Centro de la Ciencia ;
_v20
_948026
049 _aBNGR
999 _c24546
_d24546